00332nam a2200121Ia 4500008004100000100005400041245004200095260002700137300000900164650001200173942000800185999001700193190216s9999||||xx |||||||||||||| ||und|| a"Bansal Rk, Mathur Ab, Gupta Ab Etc............." 0aGraduate Aptitude Test In Engineering bA S Publicationsc1986 a796p aScience cREF c35784d35784